000 00431nam a2200169 4500
001 7915
005 20241107140023.0
008 241107b |||||||| |||| 00| 0 eng d
020 _a9781849838399
090 0 0 _a895.1
100 0 0 _aByrne, Rhonda.
245 0 0 _aThe magic :
_bthe secret /
260 0 0 _aLondon ;
_bSimon & Schuster,
_c2012.
300 0 0 _aX, 254 p.
_bill. ;
_c28 cm.
650 0 0 _aBhutan --Fiction.
942 _2ddc
_cFIC
999 _c10075
_d10076